LEADER 01203nam2 2200301 450 001 000034830 005 20130527123046.0 100 $a20130527d1966----km-y0itaa50------ba 101 0 $ager 102 $aAT 200 1 $aDrama$fherausgegeben von Heinz Kindermann und Margret Dietrich$ggesamtredaktion Elisabeth Schmitz-Mayr-Harting 210 $aWien ; München$cÖsterreichischer Bundesverlag für Unterricht, Wissenschaft und Kunst$d1966 215 $a92, 1252 p., [15] carte di tav.$cill.$d24 cm. 461 1$1001000033967$12001$aDichtung aus Österreich$v1 606 1 $aLetteratura tedesca$xAntologie 676 $a838$v(22. ed.)$9Miscellanea tedesca 702 1$aKindermann,$bHeinz 702 1$aDietrich,$bMargaret 702 1$aSchmitz-Mayr-Harting,$bElisabeth 801 0$aIT$bUniversità della Basilicata - B.I.A.$gREICAT$2unimarc 912 $a000034830 996 $aDrama$997380 997 $aUNIBAS BAS $aLETTERE CAT $aTTM$b30$c20130527$lBAS01$h1145 CAT $aTTM$b30$c20130527$lBAS01$h1230 FMT Z30 -1$lBAS01$LBAS01$mBOOK$1BASA1$APolo Storico-Umanistico$2FMAS$BFondo Masini$3FMas/817/4126$6817/4126$5B817/4126$820130527$f02$FPrestabile Generale$hVol. 1